[Event "Deutsche Ländermeisterschaft 2023"]
[Site "Hannover GER"]
[Date "2023.10.01"]
[Round "2"]
[White "Margaryan, Mane"]
[Black "Kovalskyy, Alicia"]
[Result "1/2-1/2"]
[Termination "normal"]
[Board "1.8"]
[WhiteElo "1382"]
[BlackElo "1527"]
[WhiteClock "00:05:21"]
[BlackClock "00:08:39"]
[WhiteTeam "Schleswig-Holstein"]
[BlackTeam "Nordrhein-Westfalen"]
[PlyCount "130"]
[WhiteFideId "16268237"]
[BlackFideId "34612130"]
[EventCountry "GER"]
[EventRounds "7"]
[EventType "team-swiss"]
[EventDate "2023.09.30"]

1. d4 {[%clk 01:30:59]} d5 {[%clk 01:30:56]} {[%emt 00:00:04]} 2. c4 {[%clk
01:31:23]} {[%emt 00:00:06]} e6 {[%clk 01:31:19]} {[%emt 00:00:07]} 3. Nc3
{[%clk 01:31:37]} {[%emt 00:00:17]} Nf6 {[%clk 01:31:43]} {[%emt 00:00:05]} 4.
Bg5 {[%clk 01:31:37]} {[%emt 00:00:30]} Be7 {[%clk 01:32:02]} {[%emt 00:00:10]}
5. Nf3 {[%clk 01:31:51]} {[%emt 00:00:16]} O-O {[%clk 01:31:53]} {[%emt
00:00:39]} 6. e3 {[%clk 01:32:04]} {[%emt 00:00:17]} Nbd7 {[%clk 01:31:30]}
{[%emt 00:00:53]} 7. Bd3 {[%clk 01:31:36]} {[%emt 00:00:58]} dxc4 {[%clk
01:30:06]} {[%emt 00:01:54]} 8. Bxc4 {[%clk 01:31:47]} {[%emt 00:00:19]} Nb6
{[%clk 01:28:49]} {[%emt 00:01:47]} 9. Bd3 {[%clk 01:31:16]} {[%emt 00:01:01]}
Nbd5 {[%clk 01:21:34]} {[%emt 00:07:44]} 10. O-O {[%clk 01:30:37]} {[%emt
00:01:09]} h6 {[%clk 01:20:03]} {[%emt 00:02:01]} 11. Bh4 {[%clk 01:30:47]}
{[%emt 00:00:20]} c5 {[%clk 01:05:42]} {[%emt 00:14:51]} 12. Rc1 {[%clk
01:28:21]} {[%emt 00:02:56]} cxd4 {[%clk 01:03:56]} {[%emt 00:02:17]} 13. exd4
{[%clk 01:26:41]} {[%emt 00:02:09]} b6 {[%clk 01:01:09]} {[%emt 00:03:17]} 14.
Bg3 {[%clk 01:23:54]} {[%emt 00:03:13]} Bb7 {[%clk 00:56:44]} {[%emt 00:04:59]}
15. Qb3 {[%clk 01:18:51]} {[%emt 00:05:31]} Nxc3 {[%clk 00:51:27]} {[%emt
00:05:48]} 16. bxc3 {[%clk 01:18:43]} {[%emt 00:00:39]} Bd5 {[%clk 00:46:46]}
{[%emt 00:05:10]} 17. Qb2 {[%clk 01:17:37]} {[%emt 00:01:37]} Bxf3 {[%clk
00:45:32]} {[%emt 00:01:45]} 18. gxf3 {[%clk 01:17:53]} {[%emt 00:00:13]} Qd5
{[%clk 00:43:01]} {[%emt 00:02:59]} 19. Qe2 {[%clk 01:16:46]} {[%emt 00:01:39]}
Qa5 {[%clk 00:42:34]} {[%emt 00:00:52]} 20. Bc2 {[%clk 01:16:28]} {[%emt
00:00:50]} Ba3 {[%clk 00:40:55]} {[%emt 00:02:12]} 21. Rb1 {[%clk 01:13:25]}
{[%emt 00:03:33]} Qxc3 {[%clk 00:39:24]} {[%emt 00:02:01]} 22. Rb3 {[%clk
01:12:42]} {[%emt 00:01:13]} Qa5 {[%clk 00:38:51]} {[%emt 00:00:59]} 23. Rb5
{[%clk 01:11:32]} {[%emt 00:01:43]} Qa6 {[%clk 00:38:13]} {[%emt 00:01:06]} 24.
Be5 {[%clk 01:10:06]} {[%emt 00:01:57]} Be7 {[%clk 00:35:13]} {[%emt 00:03:29]}
25. Bd3 {[%clk 01:09:29]} {[%emt 00:01:08]} Qb7 {[%clk 00:31:48]} {[%emt
00:03:52]} 26. Bxf6 {[%clk 01:09:20]} {[%emt 00:00:42]} Bxf6 {[%clk 00:31:32]}
{[%emt 00:00:45]} 27. Be4 {[%clk 01:09:36]} {[%emt 00:00:14]} Qd7 {[%clk
00:26:27]} {[%emt 00:05:33]} 28. Bxa8 {[%clk 01:09:21]} {[%emt 00:00:47]} Rxa8
{[%clk 00:26:25]} {[%emt 00:00:32]} 29. Rd1 {[%clk 01:06:26]} {[%emt 00:03:25]}
Bxd4 {[%clk 00:24:38]} {[%emt 00:02:16]} 30. Rb2 {[%clk 01:01:40]} {[%emt
00:05:18]} Qa4 {[%clk 00:22:55]} {[%emt 00:02:06]} 31. Rbd2 {[%clk 00:55:19]}
{[%emt 00:06:57]} Bf6 {[%clk 00:21:34]} {[%emt 00:01:51]} 32. Qe4 {[%clk
00:52:39]} {[%emt 00:03:09]} Qe8 {[%clk 00:18:22]} {[%emt 00:03:41]} 33. Kh1
{[%clk 00:48:50]} {[%emt 00:04:22]} Kf8 {[%clk 00:10:32]} {[%emt 00:08:18]} 34.
Rd7 {[%clk 00:33:02]} {[%emt 00:16:18]} g6 {[%clk 00:06:39]} {[%emt 00:04:24]}
35. Qf4 {[%clk 00:30:28]} {[%emt 00:03:03]} Kg7 {[%clk 00:06:10]} {[%emt
00:00:59]} 36. Rb7 {[%clk 00:25:23]} {[%emt 00:05:35]} Qb5 {[%clk 00:04:53]}
{[%emt 00:01:35]} 37. Qc7 {[%clk 00:23:33]} {[%emt 00:02:32]} Rf8 {[%clk
00:05:04]} {[%emt 00:00:19]} 38. Kg2 {[%clk 00:14:34]} {[%emt 00:09:29]} Be5
{[%clk 00:04:07]} {[%emt 00:01:27]} 39. Qd7 {[%clk 00:12:49]} {[%emt 00:02:16]}
Qxd7 {[%clk 00:04:23]} {[%emt 00:00:14]} 40. Rdxd7 {[%clk 00:13:02]} {[%emt
00:00:17]} Bb8 {[%clk 00:04:29]} {[%emt 00:00:24]} 41. Kf1 {[%clk 00:12:03]}
{[%emt 00:01:27]} g5 {[%clk 00:03:33]} {[%emt 00:01:27]} 42. Ke2 {[%clk
00:10:03]} {[%emt 00:02:30]} h5 {[%clk 00:28:39]} {[%emt 00:05:24]} 43. Rd1
{[%clk 00:39:06]} {[%emt 00:01:27]} Kg6 {[%clk 00:22:30]} {[%emt 00:06:37]} 44.
h3 {[%clk 00:31:55]} {[%emt 00:07:44]} Kf5 {[%clk 00:20:59]} {[%emt 00:01:54]}
45. Rb1 {[%clk 00:26:49]} {[%emt 00:05:43]} f6 {[%clk 00:19:31]} {[%emt
00:01:58]} 46. a4 {[%clk 00:26:01]} {[%emt 00:01:18]} Rc8 {[%clk 00:17:39]}
{[%emt 00:02:17]} 47. a5 {[%clk 00:24:57]} {[%emt 00:01:40]} bxa5 {[%clk
00:17:24]} {[%emt 00:00:45]} 48. Rxb8 {[%clk 00:24:44]} {[%emt 00:00:42]} Rc2+
{[%clk 00:17:10]} {[%emt 00:00:43]} 49. Kf1 {[%clk 00:23:24]} {[%emt 00:01:50]}
Rc3 {[%clk 00:13:20]} {[%emt 00:04:21]} 50. R8b3 {[%clk 00:23:05]} {[%emt
00:00:49]} Rc6 {[%clk 00:11:02]} {[%emt 00:02:47]} 51. Rb5+ {[%clk 00:21:56]}
{[%emt 00:01:40]} Kf4 {[%clk 00:11:20]} {[%emt 00:00:12]} 52. R1b3 {[%clk
00:19:25]} {[%emt 00:03:03]} Ra6 {[%clk 00:10:48]} {[%emt 00:01:02]} 53. Ra3
{[%clk 00:19:04]} {[%emt 00:00:48]} e5 {[%clk 00:09:47]} {[%emt 00:01:34]} 54.
Rbxa5 {[%clk 00:18:42]} {[%emt 00:00:52]} Rxa5 {[%clk 00:10:09]} {[%emt
00:00:08]} 55. Rxa5 {[%clk 00:18:46]} {[%emt 00:00:26]} Kxf3 {[%clk 00:10:34]}
{[%emt 00:00:05]} 56. Ra3+ {[%clk 00:18:40]} {[%emt 00:00:36]} Kf4 {[%clk
00:10:55]} {[%emt 00:00:09]} 57. Rxa7 {[%clk 00:13:35]} {[%emt 00:05:35]} f5
{[%clk 00:10:06]} {[%emt 00:01:18]} 58. Rh7 {[%clk 00:12:59]} {[%emt 00:01:06]}
h4 {[%clk 00:10:29]} {[%emt 00:00:08]} 59. Kg2 {[%clk 00:10:36]} {[%emt
00:02:53]} e4 {[%clk 00:10:06]} {[%emt 00:00:53]} 60. Rf7 {[%clk 00:09:48]}
{[%emt 00:01:18]} Ke5 {[%clk 00:10:00]} {[%emt 00:00:35]} 61. Rg7 {[%clk
00:07:05]} {[%emt 00:03:14]} Kf4 {[%clk 00:07:46]} {[%emt 00:02:44]} 62. Rf7
{[%clk 00:05:28]} {[%emt 00:02:08]} Ke5 {[%clk 00:08:02]} {[%emt 00:00:14]} 63.
Rg7 {[%clk 00:05:00]} {[%emt 00:00:57]} Kf4 {[%clk 00:08:18]} {[%emt 00:00:14]}
64. Rf7 {[%clk 00:04:57]} {[%emt 00:00:34]} Ke5 {[%clk 00:08:39]} {[%emt
00:00:08]} 65. Rg7 {[%clk 00:05:21]} {[%emt 00:00:06]} Kf4 {[%emt 00:00:32]}
1/2-1/2

[Event "Deutsche Ländermeisterschaft 2023"]
[Site "Hannover GER"]
[Date "2023.10.01"]
[Round "2"]
[White "Knüdel, Torben"]
[Black "Heinrich, John"]
[Result "1-0"]
[Termination "normal"]
[Board "2.2"]
[WhiteElo "2275"]
[BlackElo "2280"]
[WhiteClock "00:07:52"]
[BlackClock "00:14:06"]
[WhiteTeam "Niedersachsen"]
[BlackTeam "Sachsen"]
[PlyCount "99"]
[WhiteFideId "16208820"]
[BlackFideId "16259491"]
[EventCountry "GER"]
[EventRounds "7"]
[EventType "team-swiss"]
[EventDate "2023.09.30"]

1. e4 {[%clk 01:30:57]} {[%emt 00:00:02]} c5 {[%clk 01:30:46]} {[%emt
00:00:15]} 2. Nf3 {[%clk 01:31:22]} {[%emt 00:00:05]} d6 {[%clk 01:31:00]}
{[%emt 00:00:16]} 3. d4 {[%clk 01:31:44]} {[%emt 00:00:07]} cxd4 {[%clk
01:31:12]} {[%emt 00:00:18]} 4. Nxd4 {[%clk 01:32:09]} {[%emt 00:00:05]} Nf6
{[%clk 01:31:36]} {[%emt 00:00:06]} 5. Nc3 {[%clk 01:32:34]} {[%emt 00:00:05]}
a6 {[%clk 01:32:02]} {[%emt 00:00:04]} 6. Qe2 {[%clk 01:33:00]} {[%emt
00:00:04]} g6 {[%clk 01:24:41]} {[%emt 00:07:52]} 7. Bg5 {[%clk 01:33:07]}
{[%emt 00:00:23]} Bg7 {[%clk 01:23:38]} {[%emt 00:01:33]} 8. O-O-O {[%clk
01:33:14]} {[%emt 00:00:22]} Nbd7 {[%clk 01:14:23]} {[%emt 00:09:46]} 9. f4
{[%clk 01:28:02]} {[%emt 00:05:42]} Qa5 {[%clk 01:05:06]} {[%emt 00:09:46]} 10.
Kb1 {[%clk 01:19:29]} {[%emt 00:09:03]} O-O {[%clk 01:01:17]} {[%emt 00:04:19]}
11. h3 {[%clk 01:08:26]} {[%emt 00:11:33]} h6 {[%clk 00:54:23]} {[%emt
00:07:25]} 12. Bh4 {[%clk 01:05:15]} {[%emt 00:03:41]} e5 {[%clk 00:52:21]}
{[%emt 00:02:32]} 13. Nb3 {[%clk 01:00:50]} {[%emt 00:04:55]} Qc7 {[%clk
00:52:10]} {[%emt 00:00:41]} 14. f5 {[%clk 00:56:30]} {[%emt 00:04:51]} b5
{[%clk 00:37:37]} {[%emt 00:15:02]} 15. Qd2 {[%clk 00:44:24]} {[%emt 00:12:35]}
g5 {[%clk 00:33:55]} {[%emt 00:04:12]} 16. Be1 {[%clk 00:40:42]} {[%emt
00:04:12]} b4 {[%clk 00:29:13]} {[%emt 00:05:13]} 17. Nd5 {[%clk 00:39:45]}
{[%emt 00:01:26]} Nxd5 {[%clk 00:29:31]} {[%emt 00:00:12]} 18. Qxd5 {[%clk
00:38:27]} {[%emt 00:01:48]} Bb7 {[%clk 00:28:34]} {[%emt 00:01:28]} 19. Qxd6
{[%clk 00:37:59]} {[%emt 00:00:58]} Qxd6 {[%clk 00:26:52]} {[%emt 00:02:12]}
20. Rxd6 {[%clk 00:38:26]} {[%emt 00:00:02]} Nf6 {[%clk 00:26:48]} {[%emt
00:00:34]} 21. Bxb4 {[%clk 00:20:42]} {[%emt 00:18:14]} a5 {[%clk 00:15:51]}
{[%emt 00:11:27]} 22. Rb6 {[%clk 00:15:54]} {[%emt 00:05:18]} axb4 {[%clk
00:13:41]} {[%emt 00:02:41]} 23. Rxb7 {[%clk 00:16:18]} {[%emt 00:00:06]} Nxe4
{[%clk 00:13:56]} {[%emt 00:00:14]} 24. Bd3 {[%clk 00:11:43]} {[%emt 00:05:05]}
Ng3 {[%clk 00:13:27]} {[%emt 00:00:59]} 25. Re1 {[%clk 00:11:07]} {[%emt
00:01:05]} e4 {[%clk 00:11:16]} {[%emt 00:02:42]} 26. Bxe4 {[%clk 00:09:18]}
{[%emt 00:02:18]} Rae8 {[%clk 00:11:42]} {[%emt 00:00:04]} 27. Rxb4 {[%clk
00:09:02]} {[%emt 00:00:46]} Re5 {[%clk 00:11:51]} {[%emt 00:00:21]} 28. a4
{[%clk 00:07:33]} {[%emt 00:02:00]} Rfe8 {[%clk 00:12:08]} {[%emt 00:00:13]}
29. Nd2 {[%clk 00:06:57]} {[%emt 00:01:05]} Bf8 {[%clk 00:11:32]} {[%emt
00:01:07]} 30. Rc4 {[%clk 00:07:17]} {[%emt 00:00:10]} Bc5 {[%clk 00:10:25]}
{[%emt 00:01:36]} 31. Rd1 {[%clk 00:05:32]} {[%emt 00:02:16]} Rd8 {[%clk
00:09:01]} {[%emt 00:01:54]} 32. Bd3 {[%clk 00:05:40]} {[%emt 00:00:22]} Nxf5
{[%clk 00:09:24]} {[%emt 00:00:07]} 33. Re4 {[%clk 00:05:16]} {[%emt 00:00:53]}
Red5 {[%clk 00:09:31]} {[%emt 00:00:23]} 34. Rde1 {[%clk 00:05:27]} {[%emt
00:00:19]} Kg7 {[%clk 00:09:06]} {[%emt 00:00:55]} 35. Re5 {[%clk 00:05:08]}
{[%emt 00:00:48]} Nh4 {[%clk 00:09:01]} {[%emt 00:00:35]} 36. Rxd5 {[%clk
00:05:02]} {[%emt 00:00:36]} Rxd5 {[%clk 00:09:30]} {[%emt 00:00:01]} 37. Re2
{[%clk 00:04:15]} {[%emt 00:01:17]} f5 {[%clk 00:09:22]} {[%emt 00:00:38]} 38.
Nb3 {[%clk 00:04:11]} {[%emt 00:00:35]} Bg1 {[%clk 00:09:14]} {[%emt 00:00:37]}
39. a5 {[%clk 00:04:04]} {[%emt 00:00:38]} h5 {[%clk 00:07:36]} {[%emt
00:02:08]} 40. a6 {[%clk 00:03:44]} {[%emt 00:00:50]} g4 {[%clk 00:07:16]}
{[%emt 00:00:50]} 41. Nd2 {[%clk 00:22:49]} {[%emt 00:11:24]} f4 {[%clk
00:32:13]} {[%emt 00:05:33]} 42. hxg4 {[%clk 00:22:55]} {[%emt 00:00:25]} hxg4
{[%clk 00:32:35]} {[%emt 00:00:07]} 43. b4 {[%clk 00:18:06]} {[%emt 00:05:20]}
g3 {[%clk 00:18:43]} {[%emt 00:14:22]} 44. Be4 {[%clk 00:16:00]} {[%emt
00:02:35]} Re5 {[%clk 00:16:05]} {[%emt 00:03:08]} 45. Nf3 {[%clk 00:11:10]}
{[%emt 00:05:21]} Rxe4 {[%clk 00:14:45]} {[%emt 00:01:51]} 46. Rxe4 {[%clk
00:11:19]} {[%emt 00:00:21]} Nxf3 {[%clk 00:14:41]} {[%emt 00:00:34]} 47. gxf3
{[%clk 00:07:03]} {[%emt 00:04:46]} Be3 {[%clk 00:14:17]} {[%emt 00:00:53]} 48.
a7 {[%clk 00:07:15]} {[%emt 00:00:18]} g2 {[%clk 00:13:43]} {[%emt 00:01:04]}
49. a8=Q {[%clk 00:07:37]} {[%emt 00:00:06]} g1=Q+ {[%clk 00:14:06]} {[%emt
00:00:08]} 50. Ka2 {[%clk 00:07:52]} {[%emt 00:00:15]} 1-0

[Event "Deutsche Ländermeisterschaft 2023"]
[Site "Hannover GER"]
[Date "2023.10.01"]
[Round "2"]
[White "Lutz, Ruben"]
[Black "von Mettenheim, Johannes"]
[Result "0-1"]
[Termination "normal"]
[Board "2.3"]
[WhiteElo "2218"]
[BlackElo "2323"]
[WhiteClock "00:00:35"]
[BlackClock "00:00:16"]
[WhiteTeam "Sachsen"]
[BlackTeam "Niedersachsen"]
[PlyCount "72"]
[WhiteFideId "12975974"]
[BlackFideId "16244818"]
[EventCountry "GER"]
[EventRounds "7"]
[EventType "team-swiss"]
[EventDate "2023.09.30"]

1. d4 {[%clk 01:30:57]} {[%emt 00:00:01]} Nf6 {[%clk 01:30:55]} {[%emt
00:00:06]} 2. Nf3 {[%clk 01:31:22]} {[%emt 00:00:05]} d5 {[%clk 01:30:52]}
{[%emt 00:00:32]} 3. c4 {[%clk 01:31:46]} {[%emt 00:00:07]} c6 {[%clk
01:31:19]} {[%emt 00:00:04]} 4. Nc3 {[%clk 01:32:11]} {[%emt 00:00:05]} dxc4
{[%clk 01:31:40]} {[%emt 00:00:09]} 5. a4 {[%clk 01:32:34]} {[%emt 00:00:06]}
Bf5 {[%clk 01:32:06]} {[%emt 00:00:04]} 6. e3 {[%clk 01:33:00]} {[%emt
00:00:05]} e6 {[%clk 01:32:31]} {[%emt 00:00:05]} 7. Bxc4 {[%clk 01:33:23]}
{[%emt 00:00:06]} Bb4 {[%clk 01:32:53]} {[%emt 00:00:08]} 8. O-O {[%clk
01:33:35]} {[%emt 00:00:19]} O-O {[%clk 01:32:53]} {[%emt 00:00:29]} 9. Qe2
{[%clk 01:33:58]} {[%emt 00:00:07]} Bg6 {[%clk 01:33:00]} {[%emt 00:00:23]} 10.
Ne5 {[%clk 01:34:06]} {[%emt 00:00:22]} Nbd7 {[%clk 01:33:23]} {[%emt
00:00:06]} 11. Nxg6 {[%clk 01:34:31]} {[%emt 00:00:06]} hxg6 {[%clk 01:33:49]}
{[%emt 00:00:04]} 12. Rd1 {[%clk 01:34:51]} {[%emt 00:00:10]} Qe7 {[%clk
01:34:14]} {[%emt 00:00:05]} 13. e4 {[%clk 01:29:30]} {[%emt 00:05:51]} e5
{[%clk 01:33:44]} {[%emt 00:00:59]} 14. d5 {[%clk 01:26:42]} {[%emt 00:03:18]}
Nb6 {[%clk 01:33:51]} {[%emt 00:00:23]} 15. Bb3 {[%clk 01:20:44]} {[%emt
00:06:28]} cxd5 {[%emt 00:03:22]} 16. exd5 {[%clk 01:16:05]} {[%emt 00:01:55]}
Nc8 {[%clk 01:12:54]} {[%emt 00:21:48]} 17. Bg5 {[%clk 00:55:44]} {[%emt
00:20:50]} Nd6 {[%clk 01:12:18]} {[%emt 00:01:06]} 18. Nb5 {[%clk 00:43:19]}
{[%emt 00:12:56]} a6 {[%clk 01:06:08]} {[%emt 00:06:41]} 19. Nxd6 {[%clk
00:43:10]} {[%emt 00:00:39]} Qxd6 {[%clk 01:06:30]} {[%emt 00:00:07]} 20. Rac1
{[%clk 00:39:54]} {[%emt 00:03:46]} Bc5 {[%clk 00:59:54]} {[%emt 00:07:06]} 21.
Rc3 {[%clk 00:29:47]} {[%emt 00:10:37]} Bd4 {[%clk 00:56:13]} {[%emt 00:04:10]}
22. Rh3 {[%clk 00:29:25]} {[%emt 00:00:52]} Rfe8 {[%clk 00:32:21]} {[%emt
00:24:22]} 23. Rdd3 {[%clk 00:20:03]} {[%emt 00:09:52]} Nd7 {[%clk 00:30:39]}
{[%emt 00:02:11]} 24. Qe4 {[%clk 00:11:59]} {[%emt 00:08:35]} Qb4 {[%clk
00:24:46]} {[%emt 00:06:23]} 25. Kf1 {[%clk 00:09:43]} {[%emt 00:02:46]} Qd6
{[%clk 00:20:17]} {[%emt 00:04:59]} 26. Qh4 {[%clk 00:08:35]} {[%emt 00:01:38]}
f6 {[%clk 00:20:28]} {[%emt 00:00:19]} 27. Bd2 {[%clk 00:04:30]} {[%emt
00:04:35]} Kf7 {[%clk 00:16:41]} {[%emt 00:04:17]} 28. a5 {[%clk 00:01:22]}
{[%emt 00:03:39]} Nc5 {[%clk 00:11:56]} {[%emt 00:05:15]} 29. Bb4 {[%clk
00:00:53]} {[%emt 00:00:59]} Rac8 {[%clk 00:12:17]} {[%emt 00:00:08]} 30. Qg4
{[%clk 00:00:39]} {[%emt 00:00:45]} Bxb2 {[%clk 00:10:51]} {[%emt 00:01:56]}
31. Rdg3 {[%clk 00:00:37]} {[%emt 00:00:32]} f5 {[%clk 00:11:14]} {[%emt
00:00:08]} 32. Qe2 {[%clk 00:00:48]} {[%emt 00:00:19]} Bd4 {[%clk 00:09:29]}
{[%emt 00:02:14]} 33. Qa2 {[%clk 00:00:35]} {[%emt 00:00:43]} e4 {[%clk
00:07:11]} {[%emt 00:02:48]} 34. Qa3 {[%clk 00:00:40]} {[%emt 00:00:26]} Qf4
{[%clk 00:06:59]} {[%emt 00:00:42]} 35. d6+ {[%clk 00:00:39]} {[%emt 00:00:31]}
Kf6 {[%clk 00:07:01]} {[%emt 00:00:27]} 36. Bc3 {[%clk 00:00:34]} {[%emt
00:00:35]} Qxf2# {[%emt 00:00:16]} 0-1

[Event "Deutsche Ländermeisterschaft 2023"]
[Site "Hannover GER"]
[Date "2023.10.01"]
[Round "2"]
[White "Nechitaylo, Nikita"]
[Black "Neuhoff, Laertes"]
[Result "1-0"]
[Termination "normal"]
[Board "2.4"]
[WhiteElo "2139"]
[BlackElo "1993"]
[WhiteClock "00:38:24"]
[BlackClock "00:48:39"]
[WhiteTeam "Niedersachsen"]
[BlackTeam "Sachsen"]
[PlyCount "75"]
[WhiteFideId "34138161"]
[BlackFideId "16279719"]
[EventCountry "GER"]
[EventRounds "7"]
[EventType "team-swiss"]
[EventDate "2023.09.30"]

1. d4 {[%clk 01:30:57]} {[%emt 00:00:03]} d5 {[%clk 01:31:00]} 2. c4 {[%clk
01:31:16]} {[%emt 00:00:11]} e6 {[%clk 01:31:25]} {[%emt 00:00:05]} 3. Nc3
{[%clk 01:31:40]} {[%emt 00:00:05]} Nf6 {[%clk 01:31:49]} {[%emt 00:00:06]} 4.
cxd5 {[%clk 01:32:05]} {[%emt 00:00:05]} exd5 {[%clk 01:32:14]} {[%emt
00:00:05]} 5. Bg5 {[%clk 01:32:29]} {[%emt 00:00:06]} Be7 {[%clk 01:32:31]}
{[%emt 00:00:14]} 6. e3 {[%clk 01:32:52]} {[%emt 00:00:07]} c6 {[%clk
01:32:48]} {[%emt 00:00:13]} 7. Bd3 {[%clk 01:33:20]} {[%emt 00:00:01]} O-O
{[%clk 01:33:04]} {[%emt 00:00:15]} 8. Qc2 {[%clk 01:33:45]} {[%emt 00:00:05]}
Nbd7 {[%clk 01:33:30]} {[%emt 00:00:04]} 9. Nf3 {[%clk 01:34:07]} {[%emt
00:00:08]} Re8 {[%clk 01:33:38]} {[%emt 00:00:23]} 10. O-O {[%clk 01:34:16]}
{[%emt 00:00:20]} Nf8 {[%clk 01:34:00]} {[%emt 00:00:09]} 11. Rab1 {[%clk
01:34:29]} {[%emt 00:00:17]} a5 {[%clk 01:25:06]} {[%emt 00:09:24]} 12. a3
{[%clk 01:34:49]} {[%emt 00:00:10]} g6 {[%clk 01:24:36]} {[%emt 00:01:00]} 13.
b4 {[%clk 01:33:00]} {[%emt 00:02:19]} axb4 {[%clk 01:24:47]} {[%emt 00:00:19]}
14. axb4 {[%clk 01:33:29]} {[%emt 00:00:02]} Ne6 {[%clk 01:24:36]} {[%emt
00:00:40]} 15. Bh4 {[%clk 01:26:46]} {[%emt 00:07:12]} b5 {[%clk 01:23:55]}
{[%emt 00:01:13]} 16. Ne5 {[%clk 01:25:09]} {[%emt 00:02:07]} Bb7 {[%clk
01:22:07]} {[%emt 00:02:18]} 17. Ne2 {[%clk 01:22:16]} {[%emt 00:03:23]} Ra6
{[%clk 01:17:12]} {[%emt 00:05:26]} 18. f4 {[%clk 01:20:20]} {[%emt 00:02:26]}
Nd7 {[%clk 01:12:35]} {[%emt 00:05:07]} 19. Bxe7 {[%clk 01:18:25]} {[%emt
00:02:25]} Qxe7 {[%clk 01:12:31]} {[%emt 00:00:33]} 20. f5 {[%clk 01:17:26]}
{[%emt 00:01:29]} Ng7 {[%clk 01:09:32]} {[%emt 00:03:29]} 21. fxg6 {[%clk
01:16:45]} {[%emt 00:01:12]} fxg6 {[%clk 01:06:49]} {[%emt 00:03:13]} 22. Rf7
{[%clk 01:15:23]} {[%emt 00:01:52]} Qxe5 {[%clk 01:06:38]} {[%emt 00:00:41]}
23. dxe5 {[%clk 01:13:02]} {[%emt 00:02:52]} Kxf7 {[%clk 01:06:38]} {[%emt
00:00:30]} 24. e4 {[%clk 01:05:12]} {[%emt 00:08:19]} dxe4 {[%clk 00:56:15]}
{[%emt 00:10:52]} 25. Qb3+ {[%clk 01:02:09]} {[%emt 00:03:34]} Ne6 {[%clk
00:55:53]} {[%emt 00:00:52]} 26. Nd4 {[%clk 00:49:08]} {[%emt 00:13:31]} Ndf8
{[%clk 00:53:55]} {[%emt 00:02:28]} 27. Bxe4 {[%clk 00:48:59]} {[%emt
00:00:40]} Kg7 {[%clk 00:54:01]} {[%emt 00:00:24]} 28. Nxb5 {[%clk 00:47:45]}
{[%emt 00:01:44]} cxb5 {[%clk 00:53:33]} {[%emt 00:00:58]} 29. Bxb7 {[%clk
00:48:07]} {[%emt 00:00:09]} Rb6 {[%clk 00:53:47]} {[%emt 00:00:16]} 30. Bd5
{[%clk 00:45:07]} {[%emt 00:03:30]} Rd8 {[%clk 00:53:42]} {[%emt 00:00:34]} 31.
Rf1 {[%clk 00:39:44]} {[%emt 00:05:53]} Nd4 {[%clk 00:50:33]} {[%emt 00:03:39]}
32. Rf7+ {[%clk 00:39:49]} {[%emt 00:00:25]} Kh8 {[%clk 00:50:41]} {[%emt
00:00:23]} 33. Qa2 {[%clk 00:39:22]} {[%emt 00:00:56]} Nde6 {[%clk 00:48:09]}
{[%emt 00:03:03]} 34. Qf2 {[%clk 00:37:49]} {[%emt 00:02:01]} Ra6 {[%clk
00:47:30]} {[%emt 00:01:11]} 35. Qf6+ {[%clk 00:37:48]} {[%emt 00:00:31]} Kg8
{[%clk 00:47:58]} {[%emt 00:00:01]} 36. Rg7+ {[%clk 00:37:32]} {[%emt
00:00:47]} Kh8 {[%clk 00:48:15]} {[%emt 00:00:13]} 37. Rxg6+ {[%clk 00:37:55]}
{[%emt 00:00:06]} Ng7 {[%clk 00:48:39]} {[%emt 00:00:06]} 38. Qxg7# {[%clk
00:38:24]} {[%emt 00:00:02]} 1-0